| 000 | 00499nam a2200181 4500 | ||
|---|---|---|---|
| 001 | 127059 | ||
| 003 | ES-MaACL | ||
| 005 | 20250704063118.0 | ||
| 007 | t| | ||
| 008 | 070214s1931 fr r ||||1| fre d | ||
| 100 | 1 |
_aRibot, Théodule, _d1839-1916 _996838 |
|
| 245 | 1 | 0 |
_aPsychologie de l'atten par Th. Ribot / _cTh. Ribot. |
| 250 | _a17e éd. | ||
| 260 |
_aParis : _bFélix Alcan, _c1931. |
||
| 300 |
_aVI, 180 p. ; _c19 cm. |
||
| 852 |
_aES-MaACL _jB-6959 |
||
| 999 |
_c127059 _d127059 |
||